Kinh doanh hiệu quả và thành công

Kaydedildi:
Detaylı Bibliyografya
Yazar: LEE IACOCCA
Materyal Türü: Kitap
Dil:Undetermined
Baskı/Yayın Bilgisi: Tp. HCM Trẻ 2001
Konular:
Etiketler: Etiketle
Etiket eklenmemiş, İlk siz ekleyin!
Thư viện lưu trữ: Trung tâm Học liệu Trường Đại học Cần Thơ
LEADER 00469nam a2200169Ia 4500
001 CTU_45297
008 210402s9999 xx 000 0 und d
082 |a 650.1 
082 |b I.11 
100 |a LEE IACOCCA 
245 0 |a Kinh doanh hiệu quả và thành công 
245 0 |c LEE IACOCCA, Tường Đăng 
260 |a Tp. HCM 
260 |b Trẻ 
260 |c 2001 
650 |a success in business 
980 |a Trung tâm Học liệu Trường Đại học Cần Thơ